Topografija "inoj mestnosti" v tvorčestve Olʹgi Sedakovoj
Gespeichert in:
| 1. Verfasser: | |
|---|---|
| Dokumenttyp: | Kapitel/Artikel |
| Sprache: | Russisch |
| Veröffentlicht: |
2017
|
| In: |
Olʹga Sedakova: stichi, smysly, pročtenija
Year: 2017, Pages: 435-467 |
| Online-Zugang: |
|
| Verfasserangaben: | Ketevan Megrelishvili |
MARC
| LEADER | 00000caa a22000002c 4500 | ||
|---|---|---|---|
| 001 | 192579377X | ||
| 003 | DE-627 | ||
| 005 | 20250717014205.0 | ||
| 007 | tu | ||
| 008 | 250515s2017 xx ||||| 00| ||rus c | ||
| 035 | |a (DE-627)192579377X | ||
| 035 | |a (DE-599)KXP192579377X | ||
| 035 | |a (OCoLC)1528045501 | ||
| 040 | |a DE-627 |b ger |c DE-627 |e rda | ||
| 041 | |a rus | ||
| 084 | |a 57 |2 sdnb | ||
| 100 | 1 | |a Megrelishvili, Ketevan |d 1975- |e VerfasserIn |0 (DE-588)116302659X |0 (DE-627)1027270891 |0 (DE-576)507746759 |4 aut | |
| 245 | 1 | 0 | |a Topografija "inoj mestnosti" v tvorčestve Olʹgi Sedakovoj |c Ketevan Megrelishvili |
| 246 | 1 | |i Übersetzung des Haupttitels |a Topographie der "anderen Gegend" im Werk von Ol'ga Sedakova | |
| 264 | 1 | |c 2017 | |
| 300 | |a 33 | ||
| 336 | |a Text |b txt |2 rdacontent | ||
| 337 | |a ohne Hilfsmittel zu benutzen |b n |2 rdamedia | ||
| 338 | |a Band |b nc |2 rdacarrier | ||
| 773 | 0 | 8 | |i Enthalten in |t Olʹga Sedakova: stichi, smysly, pročtenija |d Moskva : Novoe literaturnoe obozrenie, 2017 |g (2017), Seite 435-467 |h 549 Seiten |w (DE-627)1624187722 |w (DE-576)485390094 |z 9785444806111 |7 nnam |a Topografija "inoj mestnosti" v tvorčestve Olʹgi Sedakovoj |
| 773 | 1 | 8 | |g year:2017 |g pages:435-467 |g extent:33 |a Topografija "inoj mestnosti" v tvorčestve Olʹgi Sedakovoj |
| 951 | |a AR | ||
| 992 | |a 20250515 | ||
| 993 | |a BookComponentPart | ||
| 994 | |a 2017 | ||
| 998 | |g 116302659X |a Megrelishvili, Ketevan |m 116302659X:Megrelishvili, Ketevan |d 90000 |d 90400 |e 90000PM116302659X |e 90400PM116302659X |k 0/90000/ |k 1/90000/90400/ |p 1 |x j |y j | ||
| 999 | |a KXP-PPN192579377X |e 4724834412 | ||
| BIB | |a Y | ||
| JSO | |a {"recId":"192579377X","type":{"bibl":"chapter"},"physDesc":[{"extent":"33 S."}],"origin":[{"dateIssuedKey":"2017","dateIssuedDisp":"2017"}],"person":[{"family":"Megrelishvili","role":"aut","given":"Ketevan","display":"Megrelishvili, Ketevan"}],"id":{"eki":["192579377X"]},"relHost":[{"part":{"text":"(2017), Seite 435-467","year":"2017","pages":"435-467","extent":"33"},"person":[{"given":"Stephanie","display":"Sandler, Stephanie","family":"Sandler","role":"edt"},{"role":"edt","family":"Krimmelʹ","display":"Krimmelʹ, Margarita","given":"Margarita"}],"origin":[{"publisher":"Novoe literaturnoe obozrenie","dateIssuedKey":"2017","publisherPlace":"Moskva","dateIssuedDisp":"2017"}],"disp":"Topografija \"inoj mestnosti\" v tvorčestve Olʹgi SedakovojOlʹga Sedakova: stichi, smysly, pročtenija","physDesc":[{"extent":"549 Seiten","noteIll":"Illustrationen"}],"type":{"bibl":"edited-book"},"relMultPart":[{"originOrig":[{"dateIssuedDisp":"1994-","publisherPlace":"Москва","publisher":"Новое литературное обозрение"}],"disp":"Novoe literaturnoe obozrenie. Naučnoe priloženie","dispAlt":"Novoe literaturnoe obozrenie / Naučnoe priloženie","origin":[{"publisher":"Novoe Literaturnoe Obozrenie","dateIssuedKey":"1994","dateIssuedDisp":"1994-","publisherPlace":"Moskva"}],"part":{"number":["vyp. 160"],"number_sort":["160"]},"recId":"516909193","type":{"bibl":"serial"},"physDesc":[{"noteFormat":"22 cm"}],"titleAlt":[{"title":"Novoe literaturnoe obozrenie / Naučnoe priloženie"}],"title":[{"title":"Novoe literaturnoe obozrenie","title_sort":"Novoe literaturnoe obozrenie","partname":"Naučnoe priloženie"}],"titleOrig":[{"partname":"Научное приложение","title":"Новое литературное обозрение"}],"pubHistory":["1.1994 -"],"language":["rus"],"id":{"eki":["516909193"],"zdb":["2249421-2"],"issn":["0869-6365"]}}],"recId":"1624187722","language":["rus"],"title":[{"title_sort":"Olʹga Sedakova: stichi, smysly, pročtenija","title":"Olʹga Sedakova: stichi, smysly, pročtenija","subtitle":"sbornik naučnych statej"}],"name":{"displayForm":["redaktory-sostaviteli: S. Sandler, M. Krimmelʹ [und zwei weitere]"]},"id":{"isbn":["9785444806111"],"eki":["1624187722"]}}],"titleAlt":[{"title":"Topographie der \"anderen Gegend\" im Werk von Ol'ga Sedakova"}],"name":{"displayForm":["Ketevan Megrelishvili"]},"title":[{"title_sort":"Topografija \"inoj mestnosti\" v tvorčestve Olʹgi Sedakovoj","title":"Topografija \"inoj mestnosti\" v tvorčestve Olʹgi Sedakovoj"}],"language":["rus"]} | ||
| SRT | |a MEGRELISHVTOPOGRAFIJ2017 | ||